Country Similarity Index - United Kingdom - Statistics

General Stats
  • This quiz has been taken 17 times
  • The average score is 9 of 10
Answer Stats
Score (out of 100) Country % Correct
76.9 Germany
100%
78.8 Denmark
94%
83.1 Ireland
94%
79.5 Netherlands
88%
73.7 Norway
88%
73 Sweden
88%
74.8 Australia
81%
75.7 Belgium
75%
76.4 New Zealand
75%
74.3 Luxembourg
69%
No matching quizzes found
Score Distribution
Percent of People with Each Score
Percentile by Number Answered
Your Score History
You have not taken this quiz